<?xml version="1.0" encoding="UTF-8"?>
<record
    xmlns:xsi="http://www.w3.org/2001/XMLSchema-instance"
    xsi:schemaLocation="http://www.loc.gov/MARC21/slim http://www.loc.gov/standards/marcxml/schema/MARC21slim.xsd"
    xmlns="http://www.loc.gov/MARC21/slim">

  <leader>01771nam0a2200409   4500</leader>
  <controlfield tag="001">RU\NLR\bibl\83141</controlfield>
  <controlfield tag="005">20260405174149.0</controlfield>
  <datafield tag="010" ind1=" " ind2=" ">
    <subfield code="a">5-87685-105-1</subfield>
    <subfield code="9">110000</subfield>
  </datafield>
  <datafield tag="020" ind1=" " ind2=" ">
    <subfield code="a">RU</subfield>
    <subfield code="b">98-26948</subfield>
    <subfield code="9">&#x41A;&#x43D;&#x438;&#x436;&#x43D;&#x430;&#x44F; &#x43B;&#x435;&#x442;&#x43E;&#x43F;&#x438;&#x441;&#x44C;</subfield>
  </datafield>
  <datafield tag="021" ind1=" " ind2=" ">
    <subfield code="a">RU</subfield>
    <subfield code="b">98-17939</subfield>
    <subfield code="9">850</subfield>
  </datafield>
  <datafield tag="035" ind1=" " ind2=" ">
    <subfield code="a">(NLR Aleph) 000081197</subfield>
  </datafield>
  <datafield tag="090" ind1=" " ind2=" ">
    <subfield code="a">452142</subfield>
    <subfield code="c">452142</subfield>
  </datafield>
  <datafield tag="100" ind1=" " ind2=" ">
    <subfield code="a">20000410d1997    |||y0rusy50      ca</subfield>
  </datafield>
  <datafield tag="101" ind1="0" ind2=" ">
    <subfield code="a">rus</subfield>
  </datafield>
  <datafield tag="102" ind1=" " ind2=" ">
    <subfield code="a">RU</subfield>
  </datafield>
  <datafield tag="105" ind1=" " ind2=" ">
    <subfield code="a">a   |||||||||</subfield>
  </datafield>
  <datafield tag="200" ind1="1" ind2=" ">
    <subfield code="a">&#x417;&#x430;&#x434;&#x430;&#x447;&#x438; &#x43F;&#x43E; &#x433;&#x435;&#x43E;&#x43C;&#x435;&#x442;&#x440;&#x438;&#x438;</subfield>
    <subfield code="e">[7-11]</subfield>
    <subfield code="f">&#x422;. &#x413;. &#x425;&#x43E;&#x434;&#x43E;&#x442;, &#x418;. &#x414;. &#x417;&#x430;&#x445;&#x430;&#x440;&#x447;&#x435;&#x43D;&#x43A;&#x43E;, &#x410;. &#x411;. &#x41C;&#x438;&#x445;&#x430;&#x439;&#x43B;&#x43E;&#x432;&#x430;</subfield>
  </datafield>
  <datafield tag="210" ind1=" " ind2=" ">
    <subfield code="a">&#x421;&#x41F;&#x431;.</subfield>
    <subfield code="c">&#x421;&#x43F;&#x435;&#x446;. &#x43B;&#x438;&#x442;.</subfield>
    <subfield code="d">1997</subfield>
  </datafield>
  <datafield tag="215" ind1=" " ind2=" ">
    <subfield code="a">278,[1] &#x441;.</subfield>
    <subfield code="c">&#x438;&#x43B;.</subfield>
    <subfield code="d">22</subfield>
  </datafield>
  <datafield tag="300" ind1=" " ind2=" ">
    <subfield code="a">&#x41D;&#x430; &#x43E;&#x431;&#x43B;. &#x430;&#x432;&#x442;. &#x43D;&#x435; &#x443;&#x43A;&#x430;&#x437;&#x430;&#x43D;&#x44B;</subfield>
  </datafield>
  <datafield tag="309" ind1=" " ind2=" ">
    <subfield code="a">&#x41D;&#x430; &#x442;&#x438;&#x442;. &#x43B;.: &#x41A;&#x43E;&#x43C;. &#x43F;&#x43E; &#x43E;&#x431;&#x440;&#x430;&#x437;&#x43E;&#x432;&#x430;&#x43D;&#x438;&#x44E;, &#x421;&#x430;&#x43D;&#x43A;&#x442;-&#x41F;&#x435;&#x442;&#x435;&#x440;&#x431;&#x443;&#x440;&#x433;. &#x424;&#x43E;&#x43D;&#x434; "&#x423;&#x447;&#x435;&#x431;. &#x43B;&#x438;&#x442;."</subfield>
  </datafield>
  <datafield tag="320" ind1=" " ind2=" ">
    <subfield code="a">&#x411;&#x438;&#x431;&#x43B;&#x438;&#x43E;&#x433;&#x440;.: &#x441;. 277-279 (56 &#x43D;&#x430;&#x437;&#x432;.)</subfield>
  </datafield>
  <datafield tag="606" ind1="0" ind2=" ">
    <subfield code="a">&#x413;&#x435;&#x43E;&#x43C;&#x435;&#x442;&#x440;&#x438;&#x44F;</subfield>
    <subfield code="j">&#x417;&#x430;&#x434;&#x430;&#x447;&#x43D;&#x438;&#x43A;&#x438;</subfield>
    <subfield code="9">935458</subfield>
    <subfield code="3">RU\NLR\auth\6626625</subfield>
  </datafield>
  <datafield tag="610" ind1="0" ind2=" ">
    <subfield code="a">&#x413;&#x435;&#x43E;&#x43C;&#x435;&#x442;&#x440;&#x438;&#x44F; - &#x417;&#x430;&#x434;&#x430;&#x447;&#x438; - &#x420;&#x435;&#x448;&#x435;&#x43D;&#x438;&#x435;</subfield>
  </datafield>
  <datafield tag="675" ind1=" " ind2=" ">
    <subfield code="a">373.167.1:514+514(075.3)</subfield>
    <subfield code="v">3</subfield>
    <subfield code="z">rus</subfield>
  </datafield>
  <datafield tag="686" ind1=" " ind2=" ">
    <subfield code="a">14.25</subfield>
    <subfield code="2">rugasnti</subfield>
  </datafield>
  <datafield tag="686" ind1=" " ind2=" ">
    <subfield code="a">22.151&#x44F;721</subfield>
    <subfield code="2">rubbk</subfield>
  </datafield>
  <datafield tag="686" ind1=" " ind2=" ">
    <subfield code="a">&#x412;181.11&#x44F;721-4</subfield>
  </datafield>
  <datafield tag="700" ind1=" " ind2="1">
    <subfield code="4">070</subfield>
    <subfield code="8">rus</subfield>
    <subfield code="7">ca</subfield>
    <subfield code="a">&#x425;&#x43E;&#x434;&#x43E;&#x442;</subfield>
    <subfield code="b">&#x422;. &#x413;.</subfield>
    <subfield code="f">1941-</subfield>
    <subfield code="g">&#x422;&#x430;&#x442;&#x44C;&#x44F;&#x43D;&#x430; &#x413;&#x435;&#x43E;&#x440;&#x433;&#x438;&#x435;&#x432;&#x43D;&#x430;</subfield>
    <subfield code="3">RU\NLR\auth\7775449</subfield>
    <subfield code="9">58377</subfield>
  </datafield>
  <datafield tag="701" ind1=" " ind2="1">
    <subfield code="4">070</subfield>
    <subfield code="8">rus</subfield>
    <subfield code="7">ca</subfield>
    <subfield code="a">&#x417;&#x430;&#x445;&#x430;&#x440;&#x447;&#x435;&#x43D;&#x43A;&#x43E;</subfield>
    <subfield code="b">&#x418;. &#x414;.</subfield>
    <subfield code="c">&#x43C;&#x430;&#x442;&#x435;&#x43C;&#x430;&#x442;&#x438;&#x43A;</subfield>
    <subfield code="g">&#x418;&#x440;&#x438;&#x43D;&#x430; &#x414;&#x43C;&#x438;&#x442;&#x440;&#x438;&#x435;&#x432;&#x43D;&#x430;</subfield>
    <subfield code="3">RU\NLR\auth\7743486</subfield>
    <subfield code="9">26429</subfield>
  </datafield>
  <datafield tag="701" ind1=" " ind2="1">
    <subfield code="4">070</subfield>
    <subfield code="8">rus</subfield>
    <subfield code="7">ca</subfield>
    <subfield code="a">&#x41C;&#x438;&#x445;&#x430;&#x439;&#x43B;&#x43E;&#x432;&#x430;</subfield>
    <subfield code="b">&#x410;. &#x411;.</subfield>
    <subfield code="c">&#x43C;&#x430;&#x442;&#x435;&#x43C;&#x430;&#x442;&#x438;&#x43A;</subfield>
    <subfield code="g">&#x410;&#x43D;&#x43D;&#x430; &#x411;&#x43E;&#x440;&#x438;&#x441;&#x43E;&#x432;&#x43D;&#x430;</subfield>
    <subfield code="3">RU\NLR\auth\7743461</subfield>
    <subfield code="9">26404</subfield>
  </datafield>
  <datafield tag="801" ind1=" " ind2="0">
    <subfield code="a">RU</subfield>
    <subfield code="b">RKP</subfield>
    <subfield code="c">20000410</subfield>
    <subfield code="g">PSBO</subfield>
  </datafield>
  <datafield tag="801" ind1=" " ind2="1">
    <subfield code="a">RU</subfield>
    <subfield code="b">RKP</subfield>
    <subfield code="c">20000410</subfield>
  </datafield>
  <datafield tag="801" ind1=" " ind2="2">
    <subfield code="a">RU</subfield>
    <subfield code="b">NLR</subfield>
    <subfield code="c">20091028</subfield>
    <subfield code="g">rcr</subfield>
  </datafield>
  <datafield tag="852" ind1=" " ind2=" ">
    <subfield code="a">NLR</subfield>
    <subfield code="j">98-5/1717</subfield>
  </datafield>
  <datafield tag="942" ind1=" " ind2=" ">
    <subfield code="c">BOOK</subfield>
  </datafield>
  <datafield tag="980" ind1=" " ind2=" ">
    <subfield code="a">NB</subfield>
  </datafield>
  <datafield tag="995" ind1=" " ind2=" ">
    <subfield code="5">2013-10-26</subfield>
    <subfield code="b">NLR01</subfield>
    <subfield code="c">NLR01</subfield>
    <subfield code="e">RF8</subfield>
    <subfield code="f">81197-10</subfield>
    <subfield code="k">98-5/1717</subfield>
    <subfield code="o">0</subfield>
    <subfield code="r">BOOK</subfield>
    <subfield code="s">9851717_</subfield>
  </datafield>
</record>
